| 000 | 00000nam 2200000za 4500 |
| 001 | 9.631622 |
| 003 | CaOODSP |
| 005 | 20210624214420 |
| 007 | cr ||||||||||| |
| 008 | 150407s2002 onc|||||o f|0| 0 fre d |
| 040 | |aCaOODSP|bfre |
| 043 | |an-cn--- |
| 086 | 1 |aH49-121/2002F-PDF |
| 110 | 1 |aCanada.|bSanté Canada. |bDirection générale de la santé de la population et de la santé publique. |
| 245 | 13|aLe diabète au Canada |h[ressource électronique]. |
| 250 | |aDeuxième édition. |
| 260 | |aOttawa : |bSanté Canada, |c2002. |
| 300 | |a84 p. : |bfigures, glossaire, graphiques, références, tableaux. |
| 590 | |a04-40|b2004-10-01 |
| 775 | 08|tDiabetes in Canada |w(CaOODSP)9.687161 |
| 795 | |tLe diabète au Canada |w(CaOODSP)9.639553 |
| 856 | 40|ahttp://publications.gc.ca|qPDF|s2766 Ko|uhttps://publications.gc.ca/collections/Collection/H49-121-2002F.pdf |